Inventário, partilha e ações de herança (Record no. 141931)

MARC details
000 -LÍDER
campo de controle de tamanho fixo 00527 a2200169 4500
001 - NÚMERO DE CONTROLE
campo de controle 141931
040 ## - FONTE DA CATALOGAÇÃO
Instituição que transcreveu o registro Leonardo Da Vinci
041 ## - CÓDIGO DE IDIOMA
Código do idioma do texto/trilha sonora ou título diferente Português
082 ## - CDD - CLASSIFICAÇÃO DECIMAL DE DEWEY
Número de Classificação 346.05 F441i
Número do exemplar F441i
100 ## - ENTRADA PRINCIPAL--NOME PESSOAL
Nome pessoal FERREIRA, Luís Pinto
245 ## - TÍTULO
Título Inventário, partilha e ações de herança
260 ## - PUBLICAÇÃO, DISTRIBUIÇÃO, ETC.
Nome do editor, distribuidor, etc. Saraiva
Data da publicação, distribuição, etc. 1986
Local de publicação, distribuição, etc. São Paulo
300 ## - DESCRIÇÃO FÍSICA
Extensão 360
362 ## - DATAS DE PUBLICAÇÃO E/OU DESIGNAÇÃO SEQUENCIAL
Datas de publicação e/ou designação sequencial 19860000
697 ## - ENTRADA DE ASSUNTO LOCAL--ENTIDADE COLETIVA (RLIN)
Nome corporativo ou nome da jurisdição Direito Civil
-- Direito da sucessão
-- Herança
-- Herdeiro
-- Espólio
-- Testamento
-- Codicilo
-- Legado
-- Partilha
-- Inventário
-- Brasil
-- FIPEN
942 ## - ELEMENTOS DE ENTRADA ADICIONADOS (KOHA)
Tipo de material Koha Livros
Holdings
Situação do descarte Situação das perdas Situação física Não pode ser emprestado Biblioteca de origem Biblioteca atual Data de aquisição Total de empréstimos Número de chamada completo Código de barras Data de último acesso Data do preço efetivo Tipo de material Koha
        Leonardo Da Vinci - Osasco Leonardo Da Vinci - Osasco 27/03/2024   346.05 F441i O009370 27/03/2024 27/03/2024 Livros